[Event "FSGM 2018.08"]
[Site "Budapest HUN"]
[Date "2018.08.08"]
[Round "5.1"]
[White "Ilincic, Zlatko"]
[Black "Panjwani, Raja"]
[Result "0-1"]
[WhiteElo "2450"]
[BlackElo "2459"]
[PlyCount "138"]
[EventDate "2018.08.04"]
[EventType "tourn"]
[EventRounds "9"]
[EventCountry "HUN"]
[EventCategory "7"]
[Source "ChessMix"]
[SourceDate "2018.08.20"]

1. d4 Nf6 2. c4 c5 3. d5 g6 4. Nc3 Bg7 5. g3 O-O 6. Bg2 d6 7. Nf3 e6 8. O-O
exd5 9. cxd5 Re8 10. Nd2 Nbd7 11. a4 b6 12. Nc4 Ne5 13. Nxe5 Rxe5 14. Bf4 Re8
15. Qd2 a6 16. h3 Rb8 17. g4 b5 18. axb5 axb5 19. f3 b4 20. Nd1 Qb6 21. e4 Nd7
22. Rf2 Ba6 23. Bf1 Ra8 24. Bxa6 Rxa6 25. Rxa6 Qxa6 26. Ne3 Ne5 27. Bxe5 Bxe5
28. Kg2 Ra8 29. f4 Bd4 30. Re2 Re8 31. Kf3 Qa1 32. Nd1 f6 33. h4 Qa2 34. Qd3
Kg7 35. Kg3 h6 36. h5 gxh5 37. gxh5 Kh8 38. Kh3 Rg8 39. Rg2 Qa8 40. Rg6 Qc8+
41. f5 Kh7 42. Kg4 Qe8 43. Kf3 Qe5 44. Qd2 Rxg6 45. hxg6+ Kg7 46. b3 h5 47. Qa2
Kh6 48. Qg2 Kg7 49. Qh1 Kh6 50. Qg2 Kg7 51. Qh1 Kh6 52. Qh4 c4 53. Ke2 cxb3 54.
Kd3 Bc5 55. Kc4 b2 56. Nxb2 Qxb2 57. Qf4+ Kg7 58. Kb5 Qe2+ 59. Kc6 b3 60. e5
Qxe5 61. Qf3 Be3 62. Qxh5 Bh6 63. Qd1 Qxf5 64. Qxb3 Qc8+ 65. Kxd6 Bf4+ 66. Ke7
Qc7+ 67. Ke6 Qe5+ 68. Kd7 Qd6+ 69. Ke8 Qb8+ 0-1

[Event "FSGM 2018.08"]
[Site "Budapest HUN"]
[Date "2018.08.10"]
[Round "6.1"]
[White "Panjwani, Raja"]
[Black "Song, Edward"]
[Result "1-0"]
[WhiteElo "2459"]
[BlackElo "2352"]
[PlyCount "105"]
[EventDate "2018.08.04"]
[EventType "tourn"]
[EventRounds "9"]
[EventCountry "HUN"]
[EventCategory "7"]
[Source "ChessMix"]
[SourceDate "2018.08.20"]

1. d4 Nf6 2. c4 e6 3. Nc3 d5 4. Bg5 Be7 5. e3 h6 6. Bh4 O-O 7. Qc2 Nbd7 8. cxd5
exd5 9. Nf3 c6 10. Bd3 Ne8 11. Bg3 Bd6 12. O-O-O Ndf6 13. Ne5 Be6 14. f4 Rc8
15. Kb1 c5 16. dxc5 Bxc5 17. f5 Bd7 18. Nxd7 Qxd7 19. Bb5 Qd8 20. Qb3 Nc7 21.
e4 Nxb5 22. Qxb5 d4 23. e5 Nd5 24. Ne4 Qb6 25. Qxb6 axb6 26. Nd6 Bxd6 27. exd6
Ne3 28. Rxd4 Nxf5 29. Rd5 Nxg3 30. hxg3 Rfd8 31. a4 Rc6 32. Rhd1 f6 33. R5d4
Rd7 34. b4 Kf7 35. b5 Rc8 36. Kb2 Ke6 37. R1d3 Rcd8 38. Re3+ Kf7 39. Rc3 Re8
40. Kb3 Re2 41. Rc6 Rxg2 42. g4 Ke6 43. Rxb6 Re2 44. a5 Re1 45. Rc4 Rb1+ 46.
Ka2 Rd1 47. Rc7 Rd4 48. Rxd7 Kxd7 49. Rxb7+ Kxd6 50. a6 Rxg4 51. a7 Ra4+ 52.
Kb3 Ra1 53. Rb6+ 1-0

[Event "FSGM 2018.08"]
[Site "Budapest HUN"]
[Date "2018.08.11"]
[Round "7.1"]
[White "Villegas, Pierre"]
[Black "Panjwani, Raja"]
[Result "1/2-1/2"]
[WhiteElo "2397"]
[BlackElo "2459"]
[PlyCount "55"]
[EventDate "2018.08.04"]
[EventType "tourn"]
[EventRounds "9"]
[EventCountry "HUN"]
[EventCategory "7"]
[Source "ChessMix"]
[SourceDate "2018.08.20"]

1. Nf3 d5 2. e3 Nf6 3. c4 c6 4. d4 g6 5. Nc3 Bg7 6. Be2 O-O 7. O-O dxc4 8. Bxc4
Ne8 9. Be2 Bg4 10. h3 Bxf3 11. Bxf3 Nd7 12. Qc2 Nd6 13. Rd1 Nf5 14. b3 Rc8 15.
Bb2 e6 16. Rac1 h5 17. Ne4 Qe7 18. Nc5 Nxc5 19. Ba3 Nh4 20. Qe2 Qf6 21. Bxc5
Nxf3+ 22. gxf3 Rfd8 23. Bxa7 Qg5+ 24. Kh1 Qf5 25. Kg2 Qg5+ 26. Kh1 Qf5 27. Kg2
Qg5+ 28. Kh1 1/2-1/2

[Event "FSGM 2018.08"]
[Site "Budapest HUN"]
[Date "2018.08.13"]
[Round "8.1"]
[White "Panjwani, Raja"]
[Black "Pacher, Milan"]
[Result "1/2-1/2"]
[WhiteElo "2459"]
[BlackElo "2452"]
[PlyCount "124"]
[EventDate "2018.08.04"]
[EventType "tourn"]
[EventRounds "9"]
[EventCountry "HUN"]
[EventCategory "7"]
[Source "ChessMix"]
[SourceDate "2018.08.20"]

1. d4 d5 2. c4 dxc4 3. Nf3 a6 4. a4 Nf6 5. e3 Bg4 6. Bxc4 e6 7. h3 Bh5 8. O-O
Nc6 9. Nc3 Bd6 10. Re1 O-O 11. g4 Bg6 12. e4 e5 13. d5 Ne7 14. Nh4 c6 15. dxc6
Nxc6 16. Bg5 Be7 17. Nf5 Bxf5 18. gxf5 Nd4 19. Be3 Rc8 20. Bd5 Qb6 21. Rb1 Rfd8
22. Kh1 Bc5 23. Rg1 Nxf5 24. exf5 Bxe3 25. fxe3 Qxe3 26. Qf3 Nxd5 27. Qg4 Qh6
28. Nxd5 Rxd5 29. f6 Rc6 30. Qxg7+ Qxg7 31. Rxg7+ Kf8 32. Rxh7 Rxf6 33. Rh8+
Ke7 34. Rc1 Rb6 35. Rc2 Rd1+ 36. Kh2 Rb1 37. Rc7+ Ke6 38. Re8+ Kf6 39. Ree7
R6xb2+ 40. Kg3 Rg1+ 41. Kf3 Rg7 42. Rxb7 Rh2 43. Rec7 Rxh3+ 44. Kf2 e4 45. Rb6+
Ke5 46. Re7+ Kd5 47. Rf6 Rh2+ 48. Kf1 Ra2 49. Rf5+ Kd4 50. Rf4 Rg3 51. Rexe4+
Kd3 52. Rd4+ Kc3 53. Rc4+ Kb3 54. Rb4+ Ka3 55. a5 Rc2 56. Ra4+ Kb3 57. Rab4+
Ka2 58. Ra4+ Kb1 59. Rab4+ Kc1 60. Rb6 Rh3 61. Kg1 Rg3+ 62. Kf1 Rh3 1/2-1/2

[Event "FSGM 2018.08"]
[Site "Budapest HUN"]
[Date "2018.08.14"]
[Round "9.1"]
[White "Volkov, Dmitriy"]
[Black "Panjwani, Raja"]
[Result "1/2-1/2"]
[WhiteElo "2329"]
[BlackElo "2459"]
[PlyCount "68"]
[EventDate "2018.08.04"]
[EventType "tourn"]
[EventRounds "9"]
[EventCountry "HUN"]
[EventCategory "7"]
[Source "ChessMix"]
[SourceDate "2018.08.20"]

1. e4 e5 2. Nf3 Nc6 3. d4 exd4 4. Nxd4 Nf6 5. Nxc6 bxc6 6. e5 Qe7 7. Qe2 Nd5 8.
c4 Ba6 9. Nd2 g6 10. Nf3 Nb6 11. b3 Bg7 12. Bg5 Qe6 13. O-O-O O-O 14. Qb2 c5
15. Bf6 Bh6+ 16. Ng5 Nxc4 17. bxc4 Bxc4 18. Qc3 Bxa2 19. Rd2 Bxg5 20. Bxg5 Rfb8
21. Rb2 Rxb2 22. Qxb2 Bb3 23. Bf6 c4 24. Be2 Rb8 25. Kd2 Qd5+ 26. Ke3 Qxg2 27.
Bf3 Qh3 28. Qd4 Ba4 29. Ke2 Qf5 30. Rc1 h5 31. Qe4 Qh3 32. Rb1 Bb3 33. Ra1 c3
34. Qd4 c2 1/2-1/2

[Event "Americas Continental-ch"]
[Site "Montevideo URU"]
[Date "2018.06.07"]
[Round "8.11"]
[White "Moradiabadi, Elshan"]
[Black "Panjwani, Raja"]
[Result "1/2-1/2"]
[WhiteElo "2549"]
[BlackElo "2456"]
[PlyCount "156"]
[EventDate "2018.06.01"]
[EventType "swiss"]
[EventRounds "11"]
[EventCountry "URU"]
[Source "ChessMix"]
[SourceDate "2018.06.20"]

1. d4 Nf6 2. c4 e6 3. Nc3 d5 4. cxd5 exd5 5. Bg5 c6 6. e3 Be7 7. Bd3 Nbd7 8.
Qc2 Nf8 9. Nge2 Ne6 10. Bh4 g6 11. f3 O-O 12. O-O-O a5 13. g4 b5 14. Bxf6 Bxf6
15. h4 b4 16. Na4 Ba6 17. Bxa6 Rxa6 18. Kb1 Re8 19. h5 Ng5 20. hxg6 fxg6 21. e4
Ne6 22. f4 dxe4 23. Qc4 Ra7 24. f5 Qd5 25. Qxd5 cxd5 26. fxe6 Rxe6 27. Rc1 Bg5
28. Rc5 Rd6 29. Kc2 Rf7 30. Rxa5 Rf2 31. Kd1 h6 32. Rb5 Rf3 33. Rb6 Rxb6 34.
Nxb6 b3 35. axb3 Rxb3 36. Nxd5 Rxb2 37. Ndc3 Be3 38. Rh3 Rd2+ 39. Ke1 Rd3 40.
Kf1 h5 41. gxh5 Bxd4 42. Rxd3 exd3 43. Nxd4 gxh5 44. Nf3 h4 45. Nd2 h3 46. Kg1
h2+ 47. Kxh2 Kf7 48. Kg3 Ke6 49. Kf4 Kf6 50. Ke4 Ke6 51. Nd5 Kd6 52. Nf4 Ke7
53. Ke5 Kf7 54. Nd5 Kg6 55. Ne7+ Kf7 56. Nf5 Kg6 57. Nd6 Kg5 58. Nf7+ Kg6 59.
Ke6 Kg7 60. Ne5 Kg8 61. Kf6 Kf8 62. Nf7 Kg8 63. Nd6 Kf8 64. Ke6 Kg7 65. Kf5 Kg8
66. Kg6 Kf8 67. Kf6 Kg8 68. Nf5 Kf8 69. Ng7 Kg8 70. Ne6 Kh7 71. Kg5 Kg8 72. Kg6
Kh8 73. Kf7 Kh7 74. Ng7 Kh6 75. Kf6 Kh7 76. Nf5 Kg8 77. Ke7 Kh7 78. Kf7 Kh8
1/2-1/2

[Event "North Eastern IM"]
[Site "Herndon USA"]
[Date "2018.05.18"]
[Round "1.5"]
[White "Panjwani, Raja"]
[Black "Paul, Justin"]
[Result "1-0"]
[WhiteElo "2444"]
[BlackElo "2246"]
[PlyCount "67"]
[EventDate "2018.05.18"]
[EventType "tourn"]
[EventRounds "9"]
[EventCountry "USA"]
[EventCategory "3"]
[Source "Chess Mix"]
[SourceDate "2018.06.01"]

1. Nf3 Nf6 2. c4 g6 3. Nc3 Bg7 4. e4 d6 5. d4 O-O 6. Be2 e5 7. d5 a5 8. Be3 Ng4
9. Bg5 f6 10. Bh4 Nh6 11. Nd2 Na6 12. f3 Qe8 13. a3 Bd7 14. Bf2 Nf7 15. Qc2 Bh6
16. O-O-O a4 17. Kb1 Nc5 18. h4 Qe7 19. g3 Nd8 20. h5 g5 21. Bf1 f5 22. Bxc5
dxc5 23. exf5 Nf7 24. g4 Nd6 25. Nde4 Rfb8 26. Nxc5 Nxf5 27. d6 cxd6 28. Nd5
Qf7 29. Nxd7 Nd4 30. Rxd4 exd4 31. Nxb8 Rxb8 32. Qe4 Bg7 33. Bd3 Rf8 34. Qxh7#
1-0

[Event "North Eastern IM"]
[Site "Herndon USA"]
[Date "2018.05.19"]
[Round "2.2"]
[White "Sinha, Sahil"]
[Black "Panjwani, Raja"]
[Result "0-1"]
[WhiteElo "2273"]
[BlackElo "2444"]
[PlyCount "120"]
[EventDate "2018.05.18"]
[EventType "tourn"]
[EventRounds "9"]
[EventCountry "USA"]
[EventCategory "3"]
[Source "Chess Mix"]
[SourceDate "2018.06.01"]

1. d4 Nf6 2. c4 e6 3. Nc3 Bb4 4. Qc2 b6 5. a3 Bxc3+ 6. Qxc3 Bb7 7. Nf3 d6 8. e3
O-O 9. Be2 Ne4 10. Qc2 f5 11. O-O Nd7 12. b4 Qf6 13. Bb2 Qh6 14. d5 e5 15. Nd2
Nxd2 16. Qxd2 g5 17. f3 Rae8 18. Bd3 Bc8 19. Qc2 f4 20. Rae1 Nf6 21. exf4 gxf4
22. Bf5 Bxf5 23. Qxf5 Qg6 24. Qxg6+ hxg6 25. a4 g5 26. g4 Kf7 27. h3 a6 28. b5
Nd7 29. Bc3 a5 30. Re4 Nc5 31. Ra1 Rh8 32. Kg2 Nxe4 33. fxe4 f3+ 34. Kg3 Kg6
35. Be1 f2 36. Bxf2 Ref8 37. Ra3 Rxh3+ 38. Kxh3 Rxf2 39. Kg3 Rd2 40. Kf3 Rc2
41. Ke3 Rh2 42. Ra1 Rh4 43. Kf3 Rh3+ 44. Kf2 Rh2+ 45. Kf3 Rc2 46. Ke3 Rxc4 47.
Kf3 Rc3+ 48. Kf2 Rh3 49. Rc1 Ra3 50. Rc4 Kf6 51. Kg2 Rd3 52. Kf2 Rd4 53. Rxc7
Rxe4 54. Rc6 Ke7 55. Rxb6 Rxa4 56. Rb7+ Kd8 57. Rb8+ Kc7 58. Ra8 Rxg4 59. Rxa5
Kb6 60. Ra6+ Kc5 0-1

[Event "North Eastern IM"]
[Site "Herndon USA"]
[Date "2018.05.19"]
[Round "3.4"]
[White "Panjwani, Raja"]
[Black "Stearman, Josiah"]
[Result "1-0"]
[WhiteElo "2444"]
[BlackElo "2368"]
[PlyCount "111"]
[EventDate "2018.05.18"]
[EventType "tourn"]
[EventRounds "9"]
[EventCountry "USA"]
[EventCategory "3"]
[Source "Chess Mix"]
[SourceDate "2018.06.01"]

1. d4 d5 2. c4 c6 3. Nf3 Nf6 4. e3 Bf5 5. Nc3 e6 6. Nh4 Be4 7. f3 Bg6 8. Qb3
Qc7 9. Bd2 Nbd7 10. cxd5 exd5 11. Nxg6 hxg6 12. O-O-O O-O-O 13. e4 dxe4 14.
Qxf7 exf3 15. gxf3 Nb6 16. Qxc7+ Kxc7 17. Ne4 Kc8 18. h4 Nxe4 19. fxe4 Rxd4 20.
Bh3+ Kc7 21. Rhf1 Bd6 22. Rf7+ Kb8 23. Bg5 Rxd1+ 24. Kxd1 Be5 25. b3 Nc8 26.
Bxc8 Kxc8 27. Ke2 Re8 28. Be7 Rh8 29. Kf3 Kd7 30. Bg5+ Ke6 31. Re7+ Kd6 32.
Rxb7 a5 33. Ra7 Bc3 34. Bf4+ Kc5 35. Kg4 Re8 36. e5 Kb4 37. Rxg7 Bxe5 38. Rxg6
Bxf4 39. Kxf4 Re2 40. Rxc6 Rxa2 41. Rb6+ Kc5 42. Re6 Kd5 43. Re3 a4 44. bxa4
Rxa4+ 45. Kg5 Ra1 46. Rg3 Ke4 47. Rg4+ Ke5 48. h5 Ra8 49. h6 Ke6 50. Rf4 Rg8+
51. Kh5 Rh8 52. Ra4 Kf6 53. Ra7 Kf5 54. h7 Kf6 55. Kh6 Re8 56. Ra2 1-0

[Event "North Eastern IM"]
[Site "Herndon USA"]
[Date "2018.05.20"]
[Round "4.3"]
[White "Wang, Wesley"]
[Black "Panjwani, Raja"]
[Result "0-1"]
[WhiteElo "2322"]
[BlackElo "2444"]
[PlyCount "80"]
[EventDate "2018.05.18"]
[EventType "tourn"]
[EventRounds "9"]
[EventCountry "USA"]
[EventCategory "3"]
[Source "Chess Mix"]
[SourceDate "2018.06.01"]

1. e4 e5 2. Nf3 Nc6 3. Bc4 Nf6 4. d4 exd4 5. e5 d5 6. Bb5 Ne4 7. Nxd4 Bc5 8.
O-O O-O 9. Nxc6 bxc6 10. Bxc6 Ba6 11. Qxd5 Bxf1 12. Qxe4 Bb5 13. Nc3 Bxc6 14.
Qxc6 Bd4 15. Bf4 Bxc3 16. Qxc3 Qd7 17. g3 h6 18. h4 Rab8 19. b4 Rb5 20. a4 Rd5
21. Be3 a6 22. Qc4 Ra8 23. Bf4 Rd4 24. Qc5 Rd8 25. c3 Rd3 26. Be3 Rd5 27. Qc4
Rxe5 28. Bd4 Re6 29. a5 Rde8 30. Rf1 Rc6 31. Qd3 Qd5 32. Rd1 Rce6 33. Qf1 Qh5
34. Kh2 g5 35. Rd3 Re4 36. Qh3 Qe2 37. g4 Rxd4 38. cxd4 Qxf2+ 39. Qg2 Qxh4+ 40.
Rh3 Qe1 0-1

[Event "North Eastern IM"]
[Site "Herndon USA"]
[Date "2018.05.20"]
[Round "5.3"]
[White "Panjwani, Raja"]
[Black "Arvind, CJ."]
[Result "1-0"]
[WhiteElo "2444"]
[BlackElo "2147"]
[PlyCount "151"]
[EventDate "2018.05.18"]
[EventType "tourn"]
[EventRounds "9"]
[EventCountry "USA"]
[EventCategory "3"]
[Source "Chess Mix"]
[SourceDate "2018.06.01"]

1. d4 Nf6 2. c4 e6 3. Nc3 Bb4 4. Nf3 d5 5. cxd5 exd5 6. Qa4+ Nc6 7. Bg5 h6 8.
Bxf6 Qxf6 9. e3 O-O 10. Be2 a6 11. a3 Bxc3+ 12. bxc3 Be6 13. O-O Ne7 14. Qb4
Rab8 15. c4 dxc4 16. Bxc4 a5 17. Qc3 Bxc4 18. Qxc4 Qd6 19. Rfc1 c6 20. Ne5 Rbc8
21. Qc5 Qxc5 22. dxc5 Rc7 23. Nc4 Ra8 24. e4 f5 25. e5 Nd5 26. g3 Kf7 27. Kg2
Ke6 28. h4 g6 29. Rab1 Rg7 30. Rb2 Ra7 31. Kf3 Rd7 32. Rd2 Ra6 33. Rcd1 Rf7 34.
Rd3 Rd7 35. Ke2 Ra8 36. f4 Ra6 37. Nd2 Ra8 38. Nb3 h5 39. Kf2 Ke7 40. Nd2 Ke6
41. Nf3 Ke7 42. Ng5 a4 43. Nh7 Rc7 44. Ke2 Ra5 45. Rc1 Rb5 46. Rc4 Rc8 47. Rxa4
Rxc5 48. Ra7 Rb5 49. a4 Rb2+ 50. Kd1 Rd8 51. Kc1 Rb4 52. a5 Rd7 53. Nf6 Rc7 54.
Nh7 Rd7 55. Ra8 Rd8 56. Rxd8 Kxd8 57. Nf6 Rb5 58. Nxd5 cxd5 59. Ra3 Ke7 60. Kc2
Kf7 61. Kc3 Kg7 62. Kd4 Kf7 63. a6 bxa6 64. Rxa6 Rb3 65. Kxd5 Rd3+ 66. Kc6 Rxg3
67. Kd7 Rd3+ 68. Rd6 Re3 69. Rf6+ Kg7 70. Ke7 Re4 71. Rf7+ Kg8 72. Kf6 Rxf4 73.
e6 Ra4 74. Rg7+ Kh8 75. e7 Ra6+ 76. Kf7 1-0

[Event "North Eastern IM"]
[Site "Herndon USA"]
[Date "2018.05.21"]
[Round "6.4"]
[White "Del Mundo, Anton"]
[Black "Panjwani, Raja"]
[Result "1-0"]
[WhiteElo "2276"]
[BlackElo "2444"]
[PlyCount "137"]
[EventDate "2018.05.18"]
[EventType "tourn"]
[EventRounds "9"]
[EventCountry "USA"]
[EventCategory "3"]
[Source "Chess Mix"]
[SourceDate "2018.06.01"]

1. c4 e6 2. Nf3 d5 3. g3 Nf6 4. Bg2 Be7 5. O-O O-O 6. d4 dxc4 7. Qc2 a6 8. a4
Bd7 9. Nbd2 Bc6 10. Nxc4 Be4 11. Qb3 Nc6 12. Be3 Nb4 13. Rac1 a5 14. Nfe5 Bd5
15. Bg5 c6 16. Bxf6 gxf6 17. e4 Bxc4 18. Nxc4 Qxd4 19. Rfd1 Qa7 20. Rd7 Qc5 21.
Qd1 Rfd8 22. Nd6 Qxc1 23. Rxd8+ Rxd8 24. Qxc1 Rxd6 25. Qf4 Nd3 26. Qg4+ Kf8 27.
Qh5 Bd8 28. Bf1 Nxb2 29. Qc5 Ke7 30. Qc2 Nd1 31. Be2 Nxf2 32. Kxf2 Bb6+ 33. Kf3
Rd4 34. h4 Rb4 35. h5 Bd4 36. g4 h6 37. Bd1 Kf8 38. e5 Bxe5 39. Qh7 Bf4 40. Bc2
f5 41. gxf5 exf5 42. Bb3 Ke7 43. Qxf7+ Kd6 44. Qe6+ Kc7 45. Qxf5 Bd6 46. Qxa5+
Kd7 47. Qf5+ Kc7 48. Qh7+ Kb6 49. Be6 Bf4 50. Bc8 Ka7 51. Qc2 Kb8 52. Be6 Bg5
53. a5 Rb5 54. Qc3 Kc7 55. Bc4 Rc5 56. Qg7+ Kd6 57. Qf8+ Be7 58. Qb8+ Kd7 59.
Qxb7+ Kd6 60. Qb8+ Kd7 61. Bf1 Rf5+ 62. Ke2 Rxh5 63. a6 Bc5 64. a7 Bxa7 65.
Qxa7+ Ke6 66. Bg2 Re5+ 67. Kd3 c5 68. Qb6+ Kf5 69. Qxh6 1-0

[Event "North Eastern IM"]
[Site "Herndon USA"]
[Date "2018.05.21"]
[Round "7.2"]
[White "Panjwani, Raja"]
[Black "Enkhbat, Tegshsuren"]
[Result "1-0"]
[WhiteElo "2444"]
[BlackElo "2356"]
[PlyCount "77"]
[EventDate "2018.05.18"]
[EventType "tourn"]
[EventRounds "9"]
[EventCountry "USA"]
[EventCategory "3"]
[Source "Chess Mix"]
[SourceDate "2018.06.01"]

1. d4 d5 2. c4 c6 3. Nf3 Nf6 4. e3 a6 5. Nc3 g6 6. a4 Bg7 7. a5 O-O 8. Be2 dxc4
9. Bxc4 Ne8 10. O-O Nd6 11. Be2 Bg4 12. h3 Bxf3 13. Bxf3 Nd7 14. Qc2 e5 15.
dxe5 Nxe5 16. Be2 Nf5 17. Rd1 Qe7 18. e4 Nh4 19. Be3 g5 20. Na4 Rfd8 21. Bb6
Re8 22. Nc5 Nhg6 23. g3 Kh8 24. Rd2 Bh6 25. Rad1 Nf4 26. Bg4 Nfg6 27. Qc3 Bg7
28. Bf5 h5 29. Qb3 g4 30. hxg4 hxg4 31. Kg2 Bh6 32. Rh1 Kg7 33. Rdd1 Rh8 34.
Nd7 Bg5 35. Bc5 Qe8 36. Rxh8 Qxh8 37. Rh1 Qe8 38. Bd4 Bf6 39. Rh7+ 1-0

[Event "North Eastern IM"]
[Site "Herndon USA"]
[Date "2018.05.22"]
[Round "8.5"]
[White "Karamsetty, Jeevan"]
[Black "Panjwani, Raja"]
[Result "0-1"]
[WhiteElo "2230"]
[BlackElo "2444"]
[PlyCount "120"]
[EventDate "2018.05.18"]
[EventType "tourn"]
[EventRounds "9"]
[EventCountry "USA"]
[EventCategory "3"]
[Source "Chess Mix"]
[SourceDate "2018.06.01"]

1. e4 e5 2. Nf3 Nc6 3. Bb5 g6 4. O-O Bg7 5. c3 a6 6. Ba4 d6 7. h3 Bd7 8. d4
Nge7 9. Be3 O-O 10. Nbd2 Qe8 11. Bb3 Kh8 12. dxe5 dxe5 13. Re1 f6 14. Nf1 Na5
15. Bc2 Nc4 16. b3 Nxe3 17. Nxe3 Be6 18. Qe2 Qf7 19. c4 Rfd8 20. Rad1 Nc6 21.
Nd5 Bf8 22. Bb1 Bc5 23. Rd3 Nb4 24. Nxb4 Bxb4 25. Red1 Qe7 26. Ne1 Rxd3 27.
Nxd3 Bc3 28. Qf3 Rd8 29. Nc1 Bd4 30. Kf1 Rf8 31. Ne2 Bc5 32. Ng3 Kg7 33. Rd2
Rc8 34. Qd1 Kf8 35. Rd3 Ke8 36. Qf3 c6 37. Qd1 b5 38. cxb5 axb5 39. Qc1 Bd4 40.
Rd2 c5 41. Bd3 c4 42. Rc2 Qb7 43. Be2 Ra8 44. b4 c3 45. a3 Qc6 46. Bd3 Bb3 47.
Re2 c2 48. Bxc2 Rc8 49. Qh6 Bxc2 50. Qxh7 Bd3 51. Qxg6+ Kd8 52. Kg1 Bxe2 53.
Nxe2 Kc7 54. h4 Kb7 55. h5 Qc2 56. Qg4 Qd1+ 57. Kh2 Bxf2 58. h6 Qd2 59. Qh5 Rh8
60. Qf7+ Kb8 0-1

[Event "North Eastern IM"]
[Site "Herndon USA"]
[Date "2018.05.22"]
[Round "9.1"]
[White "Panjwani, Raja"]
[Black "Zapata, Alonso"]
[Result "1/2-1/2"]
[WhiteElo "2444"]
[BlackElo "2415"]
[PlyCount "115"]
[EventDate "2018.05.18"]
[EventType "tourn"]
[EventRounds "9"]
[EventCountry "USA"]
[EventCategory "3"]
[Source "Chess Mix"]
[SourceDate "2018.06.01"]

1. Nf3 Nf6 2. c4 g6 3. Nc3 Bg7 4. e4 d6 5. d4 O-O 6. Be2 Nbd7 7. Be3 e5 8. d5
Ng4 9. Bg5 f6 10. Bh4 a5 11. Nd2 Nh6 12. f3 Nc5 13. Qc2 Nf7 14. O-O-O Bd7 15.
Kb1 a4 16. Bf2 Bh6 17. h4 c6 18. a3 Qa5 19. h5 Kg7 20. Rh2 Rh8 21. g3 cxd5 22.
Nxd5 Be6 23. Nf1 Rac8 24. Qc3 Qxc3 25. Nxc3 Nb3 26. Nd5 Na5 27. Nfe3 Bxe3 28.
Bxe3 Nxc4 29. h6+ Kf8 30. Bxc4 Rxc4 31. Nxf6 Ke7 32. Nd5+ Bxd5 33. Rxd5 Kd7 34.
Rb5 Kc6 35. Rb6+ Kc7 36. Rc2 Rxc2 37. Kxc2 Ng5 38. Rb4 Nxf3 39. Rxa4 Nh2 40.
Rc4+ Kd7 41. Rb4 Kc6 42. Rc4+ Kd7 43. Bb6 Rc8 44. Rxc8 Kxc8 45. Kd3 Kd7 46. a4
Ng4 47. Be3 Kc6 48. b4 b5 49. a5 Nf6 50. Bg5 Nd7 51. Ke3 Nb8 52. Kf3 Kd7 53.
Kg4 Ke6 54. Bd2 Na6 55. Kg5 Ke7 56. Be1 Nc7 57. Bf2 Ke6 58. Be1 1/2-1/2

[Event "Charlotte Fall GM"]
[Site "Charlotte USA"]
[Date "2017.11.22"]
[Round "1.3"]
[White "Ringoir, Tanguy"]
[Black "Panjwani, Raja"]
[Result "1/2-1/2"]
[WhiteElo "2538"]
[BlackElo "2421"]
[PlyCount "64"]
[EventDate "2017.11.22"]
[EventType "tourn"]
[EventRounds "9"]
[EventCountry "USA"]
[EventCategory "8"]
[Source "Chess Mix"]
[SourceDate "2017.12.10"]

1. d4 Nf6 2. c4 e6 3. Nc3 d5 4. cxd5 exd5 5. Bg5 Be7 6. e3 c6 7. Bd3 Nbd7 8.
Nf3 Nf8 9. O-O Ne6 10. Bh4 Ne4 11. Bxe7 Nxc3 12. bxc3 Qxe7 13. c4 dxc4 14. Bxc4
O-O 15. a4 Nc7 16. Qc2 Be6 17. Rab1 Bxc4 18. Qxc4 Rfb8 19. Ne5 a5 20. Qb3 g6
21. Rfc1 Kg7 22. Qb2 f6 23. Nd3 Nd5 24. h3 Ra6 25. Qd2 b5 26. e4 Nb4 27. Rxb4
axb4 28. Nxb4 Rxa4 29. Nxc6 Qd6 30. Nxb8 Rxd4 31. Qc2 Qxb8 32. Qc7+ Qxc7
1/2-1/2

[Event "Charlotte Fall GM"]
[Site "Charlotte USA"]
[Date "2017.11.23"]
[Round "2.3"]
[White "Panjwani, Raja"]
[Black "Checa, Nicolas"]
[Result "1/2-1/2"]
[WhiteElo "2421"]
[BlackElo "2467"]
[PlyCount "156"]
[EventDate "2017.11.22"]
[EventType "tourn"]
[EventRounds "9"]
[EventCountry "USA"]
[EventCategory "8"]
[Source "Chess Mix"]
[SourceDate "2017.12.10"]

1. Nf3 d5 2. d4 Nf6 3. c4 c6 4. Nc3 a6 5. e3 Bf5 6. Be2 h6 7. Bd3 Bxd3 8. Qxd3
e6 9. O-O Nbd7 10. e4 dxe4 11. Nxe4 Be7 12. Bf4 Nxe4 13. Qxe4 O-O 14. Rfd1 Nf6
15. Qe2 Bd6 16. Ne5 Qe7 17. Rd3 Rad8 18. Rg3 Kh8 19. Rh3 Bxe5 20. Bxe5 Ng8 21.
c5 Rfe8 22. Bd6 Qd7 23. g4 f6 24. Qf3 Qf7 25. Qb3 Qd7 26. Re3 Ne7 27. Qxe6 Qxe6
28. Rxe6 Nd5 29. Rae1 Rxe6 30. Rxe6 Kg8 31. a3 Kf7 32. Re4 Re8 33. f3 Ne3 34.
Kf2 Nd1+ 35. Ke2 Nxb2 36. Rxe8 Kxe8 37. Bf4 Nc4 38. Bc1 Kd7 39. Kd3 b5 40. cxb6
Nxb6 41. Ke4 Nd5 42. Bd2 Ke6 43. h4 g5 44. h5 f5+ 45. gxf5+ Kf6 46. Bb4 Nf4 47.
Bd6 Nxh5 48. Be5+ Ke7 49. d5 cxd5+ 50. Kxd5 Nf6+ 51. Kc6 h5 52. a4 a5 53. Bd6+
Ke8 54. Bc7 h4 55. Bxa5 Nh5 56. Bc7 Nf4 57. a5 h3 58. a6 h2 59. a7 h1=Q 60.
a8=Q+ Kf7 61. Qa2+ Kg7 62. Be5+ Kh6 63. Qa3 Kh5 64. Bxf4 gxf4 65. Qc3 Qd1 66.
Qh8+ Kg5 67. Qg7+ Kxf5 68. Qg4+ Ke5 69. Qg5+ Ke6 70. Qg6+ Ke5 71. Qe4+ Kf6 72.
Qxf4+ Ke6 73. Qe4+ Kf6 74. f4 Qc1+ 75. Kd7 Qd2+ 76. Ke8 Qd6 77. Qe5+ Qxe5+ 78.
fxe5+ Kxe5 1/2-1/2

[Event "Charlotte Fall GM"]
[Site "Charlotte USA"]
[Date "2017.11.23"]
[Round "3.4"]
[White "Wang, Kevin2"]
[Black "Panjwani, Raja"]
[Result "0-1"]
[WhiteElo "2371"]
[BlackElo "2421"]
[PlyCount "116"]
[EventDate "2017.11.22"]
[EventType "tourn"]
[EventRounds "9"]
[EventCountry "USA"]
[EventCategory "8"]
[Source "Chess Mix"]
[SourceDate "2017.12.10"]

1. e4 e5 2. Bc4 Nf6 3. d3 Nc6 4. Nc3 Na5 5. Nge2 Nxc4 6. dxc4 Be7 7. O-O d6 8.
Qd3 Be6 9. b3 c6 10. a4 Qc7 11. f4 exf4 12. Bxf4 Nd7 13. Rad1 Ne5 14. Qg3 g5
15. Bxe5 dxe5 16. Nd4 O-O-O 17. Nxe6 fxe6 18. Qh3 Bc5+ 19. Kh1 Qe7 20. Qg3 Rxd1
21. Rxd1 Qf6 22. Qf3 Rf8 23. Rf1 Qd8 24. Rd1 Qe8 25. Qe2 Qf7 26. a5 Bd4 27. Na4
Qf2 28. Qd3 Qe3 29. Qxe3 Bxe3 30. Nb2 Rf2 31. Nd3 Rxc2 32. Nxe5 Rb2 33. Nd7 Bd4
34. Nf8 e5 35. Nxh7 Be3 36. Nf8 Bd2 37. Ne6 g4 38. Nc5 Bxa5 39. Nd3 Rxb3 40.
Nxe5 Re3 41. Nxg4 Rxe4 42. h3 Rxc4 43. Ne3 Re4 44. Nf5 Re1+ 45. Rxe1 Bxe1 46.
Kg1 a5 47. Kf1 Bc3 48. Ke2 b5 49. Kd3 Bf6 50. Nd4 Bxd4 51. Kxd4 a4 52. h4 a3
53. Kc3 b4+ 54. Kb3 Kd7 55. g4 Ke6 56. h5 Kf6 57. h6 Kg6 58. g5 c5 0-1